[Event "It's it's a Ballroom Blitz!!!"]
[Site "SchemingMind.com"]
[Date "2008.10.23"]
[Round "-"]
[White "maro"]
[Black "Clive Everill"]
[Result "0-1"]
[WhiteCountry "MEX"]
[BlackCountry "CZE"]
[WhiteElo "1273"]
[WhiteRD "58"]
[BlackElo "1683"]
[BlackRD "47"]
[GameID "175920"]

1. Nc3 e5 2. e4 Bb4 3. a3 Ba5 4. b4 Bb6 5. Bb2 Qf6 6. Nh3 d6 7. Nd5 Qh4 8. g3 Qxe4+ 9. Be2 Qxh1+ 10. Bf1 Bxh3
0-1

[Event "It's it's a Ballroom Blitz!!!"]
[Site "SchemingMind.com"]
[Date "2008.11.03"]
[Round "-"]
[White "jtrochez1"]
[Black "aadaam"]
[Result "0-1"]
[WhiteCountry "HON"]
[BlackCountry "INT"]
[WhiteElo "1532"]
[WhiteRD "50"]
[BlackElo "1778"]
[BlackRD "44"]
[GameID "177343"]

1. e4 d6 2. d4 Nf6 3. Nc3 g6 4. h3 Bg7 5. Be3 O-O 6. Bd3 c6 7. Nf3 b5 8. a3 Bb7 9. Qd2 Nbd7 10. Bh6 a6
11. Bxg7 Kxg7 12. O-O Qc7 13. Rfe1 a5 14. Ne2 Rfd8 15. Qc3 c5 16. Ng3 c4 17. d5 Nc5 18. b4 Na4 19. Qd4 cxd3 20. cxd3 Qc3
21. Qe3 Nb2 22. Rec1 Qxd3 23. Qxd3 Nxd3 24. Rc7 Rdb8 25. Rxe7 axb4 26. Rd1 Nb2 27. Rc1 bxa3 28. Ng5 Bxd5 29. exd5 Nxd5 30. Rxf7+ Kg8
31. Rxh7 a2 32. Ra1 Nd3 33. N3e4 Rc8 34. Kh2 Rc1 35. Rxa2 Rxa2 36. Kg3 Rc7 37. Rxc7 Nxc7 38. Nxd6 Rxf2 39. Nxb5 Nxb5 40. Ne4 Rf1
41. Nd2 Rd1 42. Ne4 Nd4 43. Nf2 Nxf2 44. Kxf2 Kg7
0-1

[Event "It's it's a Ballroom Blitz!!!"]
[Site "SchemingMind.com"]
[Date "2008.11.03"]
[Round "-"]
[White "z"]
[Black "lemmie"]
[Result "1-0"]
[WhiteCountry "IRQ"]
[BlackCountry "NED"]
[WhiteElo "1779"]
[WhiteRD "62"]
[BlackElo "1721"]
[BlackRD "48"]
[GameID "177344"]

1. f4 Nf6 2. Nc3 d5 3. e3 Bf5 4. Nf3 e6 5. Be2 Bb4 6. a3 Be7 7. O-O Nc6 8. d3 O-O 9. Qe1 d4 10. Nd1 h6
11. e4 Bh7 12. Nf2 a6 13. c4 dxc3 14. bxc3 b5 15. g4 Nd7 16. Nh1 e5 17. f5 g6 18. Bxh6 Re8 19. Qg3 Bc5+ 20. Nf2 f6
21. Kh1 g5 22. h4 Kf7 23. hxg5 fxg5 24. Nxg5+ Kg8 25. Nxh7 Kxh7 26. g5 Rh8 27. Kg2 Kg8 28. Ng4 Nf8 29. g6 Nd7 30. Rh1 Qe7
31. Rh3 Bxa3 32. Rah1 Rb8 33. Bf8 Nxf8 34. Rxh8+
1-0

[Event "It's it's a Ballroom Blitz!!!"]
[Site "SchemingMind.com"]
[Date "2008.11.02"]
[Round "-"]
[White "agoodhobby"]
[Black "Hexsaw"]
[Result "0-1"]
[WhiteCountry "USA"]
[BlackCountry "ENG"]
[WhiteElo "1619"]
[WhiteRD "62"]
[BlackElo "1273"]
[BlackRD "115"]
[GameID "177345"]

1. e4 e5 2. Nf3 d6 3. d4 Nf6 4. Nc3 exd4 5. Nxd4 Be7 6. Bc4 Nbd7 7. O-O O-O 8. Qe2 c6 9. f4 Nc5 10. Nf3 Be6
11. Bxe6 Nxe6 12. h3 d5 13. e5 Nd7 14. g4 Qb6+ 15. Kg2 Qb4 16. h4 Nxf4+ 17. Kf2 Nxe2 18. Kxe2 Qxg4 19. Rg1 Qf5 20. Bd2 Bc5
21. Rg5 Qxc2 22. h5 h6 23. Rg2 Qxb2 24. Rag1 d4 25. Ne4 d3+ 26. Kf1 Qa1+ 27. Ne1 Bxg1 28. Rxg1 Rfe8 29. Bxh6 Qxe5
0-1

[Event "It's it's a Ballroom Blitz!!!"]
[Site "SchemingMind.com"]
[Date "2008.11.03"]
[Round "-"]
[White "aadaam"]
[Black "jtrochez1"]
[Result "1-0"]
[WhiteCountry "INT"]
[BlackCountry "HON"]
[WhiteElo "1780"]
[WhiteRD "44"]
[BlackElo "1571"]
[BlackRD "54"]
[GameID "177355"]

1. e4 e5 2. Nf3 d6 3. d4 exd4 4. Nxd4 Nc6 5. Nxc6 bxc6 6. g3 Bd7 7. Bg2 Be7 8. Be3 Nf6 9. O-O O-O 10. Nc3 Qb8
11. b3 Qc8 12. Ne2 a5 13. c4 c5 14. e5 Ng4 15. exd6 cxd6 16. Bxa8 Qxa8 17. Bxc5 Bc6 18. Bxd6 Rd8 19. c5 Bxd6 20. cxd6 Bg2
21. Re1 Qf3 22. Rf1 g5 23. Nd4 Qb7 24. Qxg4
1-0

[Event "It's it's a Ballroom Blitz!!!"]
[Site "SchemingMind.com"]
[Date "2008.11.03"]
[Round "-"]
[White "lemmie"]
[Black "z"]
[Result "0-1"]
[WhiteCountry "NED"]
[BlackCountry "IRQ"]
[WhiteElo "1701"]
[WhiteRD "50"]
[BlackElo "1833"]
[BlackRD "62"]
[GameID "177356"]

1. e4 c5 2. Nf3 d6 3. Nc3 e5 4. Bb5+ Bd7 5. Qe2 Nf6 6. O-O Nc6 7. d3 h6 8. a4 a6 9. Bxc6 Bxc6 10. h3 Be7
11. b3 b5 12. axb5 axb5 13. Bb2 O-O 14. Qe3 Qc7 15. Ne2 Qb7 16. Nh4 Rxa1 17. Bxa1 Ra8 18. Nf5 Bf8 19. Qf3 Ra2 20. Nxh6+ gxh6
21. Qxf6 Rxc2 22. Ng3 Qe7 23. Qf3 Bd7 24. Qh5 Qg5 25. Qd1 Qd2 26. Nh5 Be6 27. Qf3 Qg5 28. Kh1 Bxb3 29. Rb1 Rc1+ 30. Rxc1 Qxc1+
31. Kh2 Be6 32. h4 f5 33. exf5 Bf7 34. Nf6+= Kh8 35. Qb7 Bg8 36. Nh5 Qxa1 37. Qc8 Be7 38. Qd7 e4 39. Qxe7 Qe5+ 40. Qxe5+ dxe5
41. dxe4 b4 42. Ng3 Bc4 43. f6 Kg8 44. Nf5 b3 45. Nxh6+ Kf8 46. Nf5 b2 47. h5 b1=Q 48. h6 Bg8 49. g3 Qxe4 50. Ne7 Bh7
51. Kh3 c4
0-1

[Event "It's it's a Ballroom Blitz!!!"]
[Site "SchemingMind.com"]
[Date "2008.11.02"]
[Round "-"]
[White "Hexsaw"]
[Black "agoodhobby"]
[Result "1-0"]
[WhiteCountry "ENG"]
[BlackCountry "USA"]
[WhiteElo "1273"]
[WhiteRD "115"]
[BlackElo "1619"]
[BlackRD "62"]
[GameID "177357"]

1. d4 d5 2. Nf3 c5 3. e3 e6 4. c4 Nf6 5. Nc3 Nc6 6. Be2 Be7 7. O-O O-O 8. Ne5 Nxe5 9. dxe5 Ne4 10. Nxe4 dxe4
11. Bd2 Qc7 12. Bc3 a6 13. b3 b5 14. cxb5 axb5 15. Bxb5 Ra5 16. Bxa5 Qxa5 17. Bc4 Ba6 18. Bxa6 Qxa6 19. Qd7 Bd8 20. Rac1 Qxa2
21. Rxc5 h6 22. Rb5 Qa8 23. Rd1 Bg5 24. Qd6 f5 25. Qxe6+ Kh8 26. Qg6 Rf6 27. exf6 gxf6 28. h4
1-0

[Event "It's it's a Ballroom Blitz!!!"]
[Site "SchemingMind.com"]
[Date "2008.11.07"]
[Round "-"]
[White "palaciorep"]
[Black "jesusch"]
[Result "1-0"]
[WhiteCountry "ARG"]
[BlackCountry "ESP"]
[WhiteElo "1605"]
[WhiteRD "97"]
[BlackElo "1643"]
[BlackRD "91"]
[GameID "177918"]

1. e4 c5 2. Nc3 Nc6 3. Nf3 e6 4. Bb5 d5 5. exd5 exd5 6. Ne5 Ne7 7. Qf3 f6 8. Nxc6 Nxc6 9. Nxd5 Bd7 10. O-O Qa5
11. Re1+ Kd8 12. Nc3 Bd6 13. Bxc6 Bxc6 14. Qg4 Rg8 15. Qe6 Kc7 16. Nd5+ Bxd5 17. Qxd5 Rae8 18. Rxe8 Rxe8 19. g3 Qb5 20. b3 Qc6
21. Qxc6+ Kxc6 22. Kf1 Be5 23. c3 b5 24. f4 Bd6 25. d4 cxd4 26. cxd4 Kd5 27. Bb2
1-0

[Event "It's it's a Ballroom Blitz!!!"]
[Site "SchemingMind.com"]
[Date "2008.11.07"]
[Round "-"]
[White "capablanca"]
[Black "fouche"]
[Result "1-0"]
[WhiteCountry "GER"]
[BlackCountry "COL"]
[WhiteElo "1666"]
[WhiteRD "54"]
[BlackElo "1559"]
[BlackRD "63"]
[GameID "177919"]

1. e4 e6 2. d4 d5 3. exd5 exd5 4. Bd3 Nf6 5. h3 Bd6 6. Nf3 O-O 7. O-O Be6 8. c3 Nbd7 9. Qc2 h6 10. Be3 c6
11. Nbd2 Re8 12. Rfe1 Qc7 13. b3 Re7 14. c4 b6 15. cxd5 Bxd5 16. Bc4 Rae8 17. Rac1 c5 18. dxc5 Nxc5 19. Bb5 Bc6 20. Bxc6 Qxc6
21. b4 Nd5 22. bxc5 bxc5 23. Bd4 Rxe1+ 24. Rxe1 Rxe1+ 25. Nxe1 Nb4 26. Qc4 cxd4 27. Qxd4 Qc1 28. Qxd6 Qxe1+ 29. Kh2 Nxa2 30. Qd8+ Kh7
31. Qa5 Qe6 32. Nf3 Nc1 33. Qxa7=
1-0

[Event "It's it's a Ballroom Blitz!!!"]
[Site "SchemingMind.com"]
[Date "2008.11.06"]
[Round "-"]
[White "Schaakmaatje"]
[Black "hlchess"]
[Result "0-1"]
[WhiteCountry "NED"]
[BlackCountry "USA"]
[WhiteElo "1804"]
[WhiteRD "46"]
[BlackElo "1835"]
[BlackRD "102"]
[GameID "177920"]

1. d4 d6 2. c4 g6 3. Nc3 Bg7 4. e4 Nf6 5. Be2 O-O 6. Be3 b6 7. c5 bxc5 8. dxc5 Bb7 9. Bf3 Nbd7 10. Nge2 Ne5
11. Ng3 Nxf3+ 12. Qxf3 Qd7 13. Rd1 Qc6 14. Nd5 Nxd5 15. exd5 Qb5 16. c6 Bc8 17. Bd2 Ba6 18. Qb3 Qxb3 19. axb3 Bxb2 20. Rb1 Bg7
21. Ne2 Rab8 22. Be3 Bc4 23. Bxa7 Rxb3 24. Rxb3 Bxb3 25. Nd4 Bxd5 26. O-O Ra8 27. Ra1 Bxc6
0-1

[Event "It's it's a Ballroom Blitz!!!"]
[Site "SchemingMind.com"]
[Date "2008.11.07"]
[Round "-"]
[White "jesusch"]
[Black "palaciorep"]
[Result "0-1"]
[WhiteCountry "ESP"]
[BlackCountry "ARG"]
[WhiteElo "1643"]
[WhiteRD "91"]
[BlackElo "1605"]
[BlackRD "97"]
[GameID "177925"]

1. e4 e5 2. Nf3 Nc6 3. Bb5 Nge7 4. O-O a6 5. Ba4 Ng6 6. c3 Be7 7. d4 exd4 8. cxd4 Na7 9. Nc3 b5 10. Bb3 O-O
11. Be3 Bb7 12. Nd5 c6 13. Nxe7+ Qxe7 14. h3 Nc8 15. Bg5 Qxe4 16. Re1 Qf5 17. g4 Qxg5 18. Nxg5 d5 19. Bc2 Nd6 20. Qf3 Bc8
21. Qg3 Ne8 22. Bxg6 fxg6 23. Ne6 Bxe6 24. Rxe6 Rc8 25. Rae1 Nf6 26. Re7 Ne4
0-1

[Event "It's it's a Ballroom Blitz!!!"]
[Site "SchemingMind.com"]
[Date "2008.11.07"]
[Round "-"]
[White "fouche"]
[Black "capablanca"]
[Result "0-1"]
[WhiteCountry "COL"]
[BlackCountry "GER"]
[WhiteElo "1559"]
[WhiteRD "63"]
[BlackElo "1666"]
[BlackRD "54"]
[GameID "177926"]

1. c4 c5 2. Nf3 Nf6 3. Nc3 Nc6 4. e3 g6 5. Bd3 Bg7 6. O-O d6 7. a3 O-O 8. Bb1 a6 9. d4 cxd4 10. exd4 Bg4
11. h3 Bd7 12. Ra2 Ne8 13. b4 e6 14. d5 Bxc3 15. dxc6 Bxc6 16. Rc2 Bg7 17. Bb2 Ba4 18. Bxg7 Nxg7 19. Qe2 Bxc2 20. Bxc2 Rc8
21. Bb3 Qf6 22. Rd1 Rfd8 23. c5 dxc5 24. Rxd8+ Qxd8 25. bxc5 Rxc5 26. Qe4 b5 27. Qb7 Rc1+ 28. Kh2 Qc7+ 29. Qxc7 Rxc7 30. Kg3 Rc3
0-1

[Event "It's it's a Ballroom Blitz!!!"]
[Site "SchemingMind.com"]
[Date "2008.11.06"]
[Round "-"]
[White "hlchess"]
[Black "Schaakmaatje"]
[Result "0-1"]
[WhiteCountry "USA"]
[BlackCountry "NED"]
[WhiteElo "1835"]
[WhiteRD "102"]
[BlackElo "1804"]
[BlackRD "46"]
[GameID "177927"]

1. e4 e6 2. d4 d5 3. Nd2 Nf6 4. e5 Nfd7 5. Bd3 c5 6. c3 Be7 7. Ne2 Nc6 8. Nf3 cxd4 9. cxd4 f5 10. exf6 Nxf6
11. O-O O-O 12. a3 Bd7 13. Bc2 Be8 14. Ng3 Nh5 15. Re1 Qd6 16. Ne5 Nxg3 17. fxg3 Nxe5 18. Rxe5 Qb6 19. b4 Bf6 20. Bf4 Bxe5
21. Bxe5 Rc8 22. Qg4 Rf7 23. Bd3 Rc3 24. Rd1 Qc6 25. Qh5 Rf1+
0-1

[Event "It's it's a Ballroom Blitz!!!"]
[Site "SchemingMind.com"]
[Date "2008.11.12"]
[Round "-"]
[White "matizccc"]
[Black "R.Leydon"]
[Result "0-1"]
[WhiteCountry "ROU"]
[BlackCountry "IRL"]
[WhiteElo "1703"]
[WhiteRD "77"]
[BlackElo "1422"]
[BlackRD "74"]
[GameID "178647"]

1. g3 d5 2. Bg2 Be6 3. Nc3 Na6 4. Nf3 Bf5 5. Nd4 e6 6. Nxf5 exf5 7. Nxd5 c6 8. Ne3 Qg5 9. d3 Bb4+ 10. Bd2 Bc5
11. Nd5 Qd8 12. Nc3 Nh6 13. Bxh6 gxh6 14. O-O O-O 15. e4 Qd7 16. exf5 Qxf5 17. Be4 Qg5 18. Qf3 Nb4 19. Na4 Bd4 20. c3 Nc2
21. Rac1 Ne3 22. cxd4 Nxf1 23. Rxf1 b5 24. Nc5 h5 25. Bxc6 Rad8 26. h4 Qg6 27. Nb3 a6 28. Be4 Qg7 29. Qxh5 h6 30. Qe5 Qxe5
31. dxe5 f5 32. Bc6 Rxd3
0-1

[Event "It's it's a Ballroom Blitz!!!"]
[Site "SchemingMind.com"]
[Date "2008.11.12"]
[Round "-"]
[White "R.Leydon"]
[Black "matizccc"]
[Result "1-0"]
[WhiteCountry "IRL"]
[BlackCountry "ROU"]
[WhiteElo "1422"]
[WhiteRD "74"]
[BlackElo "1703"]
[BlackRD "77"]
[GameID "178652"]

1. e4 d5 2. exd5 Qxd5 3. d4 Qa5+ 4. c3 c6 5. Bc4 e6 6. Bf4 Nf6 7. Nh3 Be7 8. O-O O-O 9. b4 Qd8 10. Qd3 b5
11. Bb3 a5 12. Bxb8 Rxb8 13. bxa5 Qxa5 14. Ng5 Bb7 15. Nd2 Ba6 16. c4 bxc4 17. Bxc4 Bxc4 18. Nxc4 Qxg5 19. f4 Qh5 20. a4 Nd5
21. a5 Nb4 22. Qd2 c5 23. a6 Ra8 24. a7 cxd4 25. Nb6 Bc5 26. Nxa8 Rxa8 27. Ra5 Nc6 28. Rb1 Nxa5 29. Rb8+ Rxb8 30. axb8=Q+ Bf8
31. Qa8 Nb3 32. Qd3 Nc1 33. Qc2 Ne2+ 34. Kf2
1-0

[Event "It's it's a Ballroom Blitz!!!"]
[Site "SchemingMind.com"]
[Date "2008.11.15"]
[Round "-"]
[White "mikhailtal"]
[Black "cnbcad"]
[Result "1-0"]
[WhiteCountry "ENG"]
[BlackCountry "USA"]
[WhiteElo "1863"]
[WhiteRD "70"]
[BlackElo "1598"]
[BlackRD "61"]
[GameID "178816"]

1. e4 e5 2. Nf3 Nc6 3. Bb5 a6 4. Ba4 Nf6 5. O-O Be7 6. Re1 b5 7. Bb3 O-O 8. a4 Bb7 9. d3 d6 10. Nbd2 Nd4
11. Ba2 b4 12. c3 Nc6 13. Nf1 a5 14. Ne3 Na7 15. Nf5 c5 16. Nxe7+ Qxe7 17. Bg5 h6 18. Bh4 g5 19. Nxg5 hxg5 20. Bxg5 Kg7
21. Re3 Rg8 22. Rf3 Qd7 23. Bxf6+ Kf8 24. Rg3 Rxg3 25. fxg3 d5 26. Qh5
1-0

[Event "It's it's a Ballroom Blitz!!!"]
[Site "SchemingMind.com"]
[Date "2008.11.13"]
[Round "-"]
[White "jl1234"]
[Black "MacBone"]
[Result "1-0"]
[WhiteCountry "POL"]
[BlackCountry "HKG"]
[WhiteElo "1701"]
[WhiteRD "70"]
[BlackElo "1491"]
[BlackRD "107"]
[GameID "178817"]

1. e4 e5 2. Nf3 Nc6 3. Nc3 Nf6 4. d4 d6 5. d5 Ne7 6. Bg5 h6 7. Bxf6 gxf6 8. Bd3 Bg4 9. h3 Bxf3 10. Qxf3 Bg7
11. Qg4 Rg8 12. O-O Ng6 13. Bb5+ Ke7 14. Rad1 a6 15. Ba4 b5 16. Bb3 Nf4 17. g3 Bh8 18. Qh4 Ng6 19. Qxh6 Bg7 20. Qh7 Rh8
21. Qxg7 Qd7 22. h4 Rag8 23. Qxg8 Rxg8 24. Kh2 f5 25. Rh1 fxe4 26. Kg1 Qf5 27. Re1 Qg4 28. Kf1 Nxh4 29. Rxh4 Qf3 30. Re3 Qf5
31. Nxe4 Rg4 32. Rxg4 Qxg4 33. c3 f5 34. Nd2
1-0

[Event "It's it's a Ballroom Blitz!!!"]
[Site "SchemingMind.com"]
[Date "2008.11.13"]
[Round "-"]
[White "Carl Lenox"]
[Black "firsttech"]
[Result "0-1"]
[WhiteCountry "CAN"]
[BlackCountry "USA"]
[WhiteElo "1193"]
[WhiteRD "65"]
[BlackElo "1963"]
[BlackRD "79"]
[GameID "178818"]

1. e4 c5 2. Nf3 d6 3. d4 cxd4 4. Nxd4 Nf6 5. Nc3 a6 6. Be3 e6 7. f3 b5 8. g4 b4 9. Nce2 h6 10. Qd2 Nbd7
11. Qxb4 d5 12. Qd2 dxe4 13. Bg2 Bb7
0-1

[Event "It's it's a Ballroom Blitz!!!"]
[Site "SchemingMind.com"]
[Date "2008.11.14"]
[Round "-"]
[White "cnbcad"]
[Black "mikhailtal"]
[Result "0-1"]
[WhiteCountry "USA"]
[BlackCountry "ENG"]
[WhiteElo "1598"]
[WhiteRD "61"]
[BlackElo "1863"]
[BlackRD "70"]
[GameID "178825"]

1. e4 c5 2. Nf3 d6 3. d4 cxd4 4. Qxd4 Nc6 5. Bb5 a6 6. Bxc6+ bxc6 7. O-O e5 8. Qc4 Qc7 9. b3 Be6 10. Qe2 Be7
11. h3 h6 12. Be3 Nf6 13. Nbd2 O-O 14. c4 d5 15. exd5 cxd5 16. cxd5 Nxd5 17. Rac1 Qa5 18. Nxe5 Qxa2 19. Ra1 Qb2 20. Nc6 Bf6
21. Rab1 Qa2 22. Bd4 Nc3 23. Bxc3 Bxc3 24. Rbd1 Bxb3 25. Ne7+ Kh8 26. Rc1 Qxd2 27. Qg4 Rfe8 28. Nf5 Bc2 29. Ne3 Rxe3 30. fxe3 Bb2
31. Rce1 Bd3 32. Rd1 Qxe3+ 33. Rf2 Bd4 34. Qf3 Qxf3 35. gxf3 Bxf2+ 36. Kxf2 Bb5 37. Rc1 g6 38. Rc7 Kg7 39. Ke3 Re8+
0-1

[Event "It's it's a Ballroom Blitz!!!"]
[Site "SchemingMind.com"]
[Date "2008.11.14"]
[Round "-"]
[White "MacBone"]
[Black "jl1234"]
[Result "0-1"]
[WhiteCountry "HKG"]
[BlackCountry "POL"]
[WhiteElo "1491"]
[WhiteRD "107"]
[BlackElo "1701"]
[BlackRD "70"]
[GameID "178826"]

1. e4 c5 2. Nf3 Nc6 3. Bb5 e6 4. O-O a6 5. Bxc6 bxc6 6. d4 cxd4 7. Nxd4 Bb7 8. Nc3 g6 9. b3 Bg7 10. Be3 c5
11. Nde2 d6 12. Qd2 Qc7 13. Rad1 Nf6 14. Ng3 Rd8 15. Rfe1 Ng4 16. h3 Nxe3 17. Qxe3 O-O 18. Rd2 Qc6 19. Red1 f5 20. Qd3 Bh6
21. Re2 f4 22. Nf1 Bg7 23. f3 Qb6 24. Kh1 Qb4 25. Na4 Bc6 26. Qxa6 Bb5 27. Qb6 Bxe2 28. Qxb4 cxb4 29. Re1 Bb5
0-1

[Event "It's it's a Ballroom Blitz!!!"]
[Site "SchemingMind.com"]
[Date "2008.11.13"]
[Round "-"]
[White "firsttech"]
[Black "Carl Lenox"]
[Result "1-0"]
[WhiteCountry "USA"]
[BlackCountry "CAN"]
[WhiteElo "1963"]
[WhiteRD "79"]
[BlackElo "1193"]
[BlackRD "65"]
[GameID "178827"]

1. d4 Nf6 2. c4 g6 3. Nf3 Bg7 4. Nc3 O-O 5. e4 d6 6. Be2 Nc6 7. d5 Nb8 8. O-O a6 9. h3 Bd7 10. Be3 c6
11. Qb3 Bc8 12. Rfd1 Nbd7 13. dxc6 bxc6 14. e5
1-0

[Event "It's it's a Ballroom Blitz!!!"]
[Site "SchemingMind.com"]
[Date "2008.11.15"]
[Round "-"]
[White "Tanis"]
[Black "tyler199"]
[Result "1-0"]
[WhiteCountry "CHN"]
[BlackCountry "CAN"]
[WhiteElo "2073"]
[WhiteRD "80"]
[BlackElo "1701"]
[BlackRD "54"]
[GameID "179051"]

1. e4 c6 2. d4 d5 3. exd5 cxd5 4. c4 Nf6 5. Nc3 e6 6. Nf3 Bb4 7. Bd3 dxc4 8. Bxc4 O-O 9. O-O b6 10. Bg5 Bb7
11. Re1 Nbd7 12. Rc1 Rc8 13. Qb3 Be7 14. Bxf6 gxf6 15. d5 Nc5 16. Qc2 e5 17. Red1 Kh8 18. Nb5 a6 19. Na7 Rc7 20. b4 b5
21. Bb3 Nxb3 22. Qxc7 Nxc1 23. Qxb7 Nxa2 24. Nc6 Qd6 25. Nxe7 Nxb4 26. Rc1 Re8 27. Rc8
1-0

[Event "It's it's a Ballroom Blitz!!!"]
[Site "SchemingMind.com"]
[Date "2008.11.14"]
[Round "-"]
[White "airborne82p"]
[Black "Joe Daudish"]
[Result "0-1"]
[WhiteCountry "USA"]
[BlackCountry "USA"]
[WhiteElo "1415"]
[WhiteRD "108"]
[BlackElo "1746"]
[BlackRD "43"]
[GameID "179053"]

1. d4 d5 2. c4 e6 3. cxd5 Qxd5 4. e3 Nf6 5. Bd2 Be7 6. Nc3 Qd8 7. Nf3 Nbd7 8. Bb5 O-O 9. O-O c6 10. Be2 b6
11. e4 Bb7 12. h3 c5 13. Be3 Nxe4 14. Nxe4 Bxe4 15. Qa4 cxd4 16. Qxd4 Bd5 17. Rfd1 Bc5 18. Qf4 Qb8 19. Qxb8 Raxb8 20. b3 Bxe3
21. fxe3 Nf6 22. Ne5 Rbc8 23. Bf3 Bxf3 24. gxf3 Nd5 25. e4 Nf4 26. Kh2 f6 27. Nd7 Rfd8 28. a4 Kf7
0-1

[Event "It's it's a Ballroom Blitz!!!"]
[Site "SchemingMind.com"]
[Date "2008.11.15"]
[Round "-"]
[White "tyler199"]
[Black "Tanis"]
[Result "1/2-1/2"]
[WhiteCountry "CAN"]
[BlackCountry "CHN"]
[WhiteElo "1701"]
[WhiteRD "54"]
[BlackElo "2073"]
[BlackRD "80"]
[GameID "179057"]

1. d4 Nf6 2. Nf3 e6 3. Bf4 c5 4. e3 Qb6 5. Qc1 d5 6. c3 Nc6 7. Bd3 Bd7 8. Nbd2 O-O-O 9. O-O Nh5 10. Bg3 Nxg3
11. hxg3 h6 12. Re1 Bd6 13. dxc5 Bxc5 14. Nb3 Be7 15. e4 dxe4 16. Bxe4 Bf6 17. Qe3 Qxe3 18. Rxe3 Ne7 19. Nc5 Bc6 20. Bxc6 Nxc6
21. Rd3 Be7 22. Rxd8+ Rxd8 23. Nb3 e5 24. Kf1 h5 25. Ke2 g6 26. Rd1 Rxd1 27. Kxd1 Kd7 28. Ke2 b5 29. Kd3 Ke6 30. Ke3=
1/2-1/2

[Event "It's it's a Ballroom Blitz!!!"]
[Site "SchemingMind.com"]
[Date "2008.11.15"]
[Round "-"]
[White "Joe Daudish"]
[Black "airborne82p"]
[Result "1-0"]
[WhiteCountry "USA"]
[BlackCountry "USA"]
[WhiteElo "1746"]
[WhiteRD "43"]
[BlackElo "1415"]
[BlackRD "108"]
[GameID "179059"]

1. d4 d5 2. Nf3 c5 3. Bf4 Nc6 4. e3 Bg4 5. Be2 e6 6. h3 Bxf3 7. Bxf3 Bd6 8. Bxd6 Qxd6 9. c3 Nf6 10. Nd2 O-O
11. O-O c4 12. Qc2 Ne7 13. e4 e5 14. dxe5 Qxe5 15. exd5 Ng6 16. Nxc4 Qg5 17. d6 Rad8 18. Bxb7 Nf4 19. Kh2 N6d5 20. Bxd5 Qxd5
21. Ne3 Qxd6 22. g3 Nh5 23. Rad1 Qg6 24. Qxg6
1-0

[Event "It's it's a Ballroom Blitz!!!"]
[Site "SchemingMind.com"]
[Date "2008.12.06"]
[Round "-"]
[White "aadaam"]
[Black "Schaakmaatje"]
[Result "1-0"]
[WhiteCountry "INT"]
[BlackCountry "NED"]
[WhiteElo "1778"]
[WhiteRD "44"]
[BlackElo "1767"]
[BlackRD "51"]
[GameID "181371"]

1. d4 d5 2. c4 c6 3. cxd5 cxd5 4. Nc3 g6 5. Bf4 a6 6. e3 Bg7 7. Nf3 Nf6 8. Bd3 O-O 9. Rc1 Nc6 10. O-O Ng4
11. h3 e5 12. dxe5 Ngxe5 13. Nxe5 Nxe5 14. Bc2 Be6 15. Bb3 Nc4 16. Qe2 b5 17. Rfd1 Qd7 18. a4 Rac8 19. axb5
1-0

[Event "It's it's a Ballroom Blitz!!!"]
[Site "SchemingMind.com"]
[Date "2008.12.06"]
[Round "-"]
[White "Schaakmaatje"]
[Black "aadaam"]
[Result "0-1"]
[WhiteCountry "NED"]
[BlackCountry "INT"]
[WhiteElo "1767"]
[WhiteRD "51"]
[BlackElo "1778"]
[BlackRD "44"]
[GameID "181378"]

1. e4 e6 2. Nf3 d5 3. e5 c5 4. b4 Nc6 5. bxc5 Bxc5 6. d4 Bb6 7. a4 Nge7 8. c3 O-O 9. Bd3 f6 10. Qc2 f5
11. Ba3 Re8 12. h4 Qc7 13. Nbd2 Bd7 14. Bd6 Qd8
0-1

[Event "It's it's a Ballroom Blitz!!!"]
[Site "SchemingMind.com"]
[Date "2008.12.03"]
[Round "-"]
[White "Tanis"]
[Black "Clive Everill"]
[Result "1-0"]
[WhiteCountry "CHN"]
[BlackCountry "CZE"]
[WhiteElo "2073"]
[WhiteRD "80"]
[BlackElo "1644"]
[BlackRD "50"]
[GameID "181623"]

1. e4 c6 2. d4 d5 3. exd5 cxd5 4. c4 Nf6 5. cxd5 Nxd5 6. Nc3 Nc6 7. Nf3 Bg4 8. Qb3 Bxf3 9. gxf3 Nb6 10. d5 Nd4
11. Qd1 e5 12. dxe6 Nxe6 13. Bb5+ Nd7 14. O-O a6 15. Bxd7+ Qxd7 16. Qxd7+ Kxd7 17. Rd1+ Kc6 18. Be3 Bb4 19. Nd5 Bd6 20. Rac1+ Nc5
21. b4 b6 22. bxc5 bxc5 23. Nb4+ Kc7 24. Bxc5 Bxc5 25. Rxc5+ Kb6 26. Rdc1 a5 27. Nd5+ Kb7 28. Rb1+
1-0

[Event "It's it's a Ballroom Blitz!!!"]
[Site "SchemingMind.com"]
[Date "2008.12.03"]
[Round "-"]
[White "Clive Everill"]
[Black "Tanis"]
[Result "0-1"]
[WhiteCountry "CZE"]
[BlackCountry "CHN"]
[WhiteElo "1644"]
[WhiteRD "50"]
[BlackElo "2073"]
[BlackRD "80"]
[GameID "181629"]

1. e4 e6 2. d4 d5 3. Be3 dxe4 4. f3 c5 5. Bb5+ Bd7 6. Bxd7+ Nxd7 7. fxe4 Qh4+ 8. Kf1 Qxe4 9. Qd2 e5 10. Nc3 Qf5+
11. Ke2 cxd4 12. Rf1 Qg4+ 13. Nf3 dxc3 14. Qxc3 e4 15. h3 Qxg2+ 16. Kd1 exf3 17. Bd4 Ne7 18. Rhg1 Qe2+ 19. Kc1 Rc8 20. Qb3 Nf5
21. Rxf3 Qxc2+ 22. Qxc2 Rxc2+
0-1

[Event "It's it's a Ballroom Blitz!!!"]
[Site "SchemingMind.com"]
[Date "2008.12.05"]
[Round "-"]
[White "Quaff"]
[Black "firsttech"]
[Result "0-1"]
[WhiteCountry "ENG"]
[BlackCountry "USA"]
[WhiteElo "1715"]
[WhiteRD "69"]
[BlackElo "1963"]
[BlackRD "79"]
[GameID "181911"]

1. e4 c5 2. f4 d5 3. e5 Nc6 4. Nf3 Bg4 5. Be2 e6 6. O-O Nge7 7. d3 Nf5 8. a3 Qb6 9. Kh1 h6 10. Nc3 Be7
11. Na4 Qc7 12. h3 Ng3+ 13. Kh2 Nxf1+ 14. Qxf1 Bxf3 15. Bxf3 Nd4 16. Bd1 O-O 17. Be3 f6 18. Bxd4 cxd4 19. b4 fxe5 20. Qe1 Rxf4
21. Bg4 Rxg4 22. hxg4 e4+ 23. Kh1 Qxc2 24. Nc5 Bxc5 25. bxc5 Qxd3 26. Rd1 Qxa3 27. Rxd4 Qxc5 28. Rd1 Rf8
0-1

[Event "It's it's a Ballroom Blitz!!!"]
[Site "SchemingMind.com"]
[Date "2008.12.05"]
[Round "-"]
[White "firsttech"]
[Black "Quaff"]
[Result "1-0"]
[WhiteCountry "USA"]
[BlackCountry "ENG"]
[WhiteElo "1963"]
[WhiteRD "79"]
[BlackElo "1715"]
[BlackRD "69"]
[GameID "181921"]

1. d4 c6 2. c4 d5 3. Nf3 e6 4. e3 Bb4+ 5. Bd2 Bxd2+ 6. Qxd2 Nf6 7. Bd3 Nbd7 8. O-O O-O 9. Nc3 Ne8 10. Rac1 f5
11. Ne2 Nef6 12. cxd5 cxd5 13. Nf4 Re8 14. Bb5 a6 15. Bxd7 Bxd7 16. Ne5 Bb5 17. Rfe1 Ne4 18. Qb4 Rc8 19. f3 Nf6 20. a4 Rxc1
21. Rxc1 a5 22. Qxb5
1-0

[Event "It's it's a Ballroom Blitz!!!"]
[Site "SchemingMind.com"]
[Date "2008.12.06"]
[Round "-"]
[White "Hexsaw"]
[Black "palaciorep"]
[Result "0-1"]
[WhiteCountry "ENG"]
[BlackCountry "ARG"]
[WhiteElo "1307"]
[WhiteRD "94"]
[BlackElo "1681"]
[BlackRD "89"]
[GameID "182045"]

1. d4 d5 2. Nf3 h6 3. Nc3 Nf6 4. e3 a6 5. Bd3 Bg4 6. O-O e6 7. e4 dxe4 8. Nxe4 Nxe4 9. Bxe4 c6 10. Re1 Bd6
11. b3 O-O 12. h3 Bxf3 13. Qxf3 Nd7 14. c4 Bb4 15. Bb2 Bxe1 16. Rxe1 Qa5 17. Kf1 Qxa2 18. Bc1 Nf6 19. g4 Nxe4 20. Qxe4 Qxb3
21. c5 Qxh3+ 22. Ke2 Qc3 23. Qd3 Qa5 24. g5 Qa2+ 25. Ke3 h5 26. Qe4 g6 27. Qe5 Rad8 28. Qc7 Qb3+ 29. Kf4 Rxd4+ 30. Ke5 Qd5+
0-1